00570nam a2200169 450000100060000009000100000610000400001610100080005610200070006420001320007121000560020321500230025967500130028280100120029599000110030799500820031846073 a46073 a20260430 pory50  apor aPT aA Cerâmica Cardial da Gruta do EscouraldIn separata das Actas do II Congresso Nacional de ArqueologiafM. Farinha dos santos aCoimbracII Congresso Nacional de Arqueologiad1971 ap. 93-94, [1]cil. a738(469) aPTgRPC cLIVROS 10978047bFLCcFLCf057211k738(469) SANo-1rLIVROSufotocópia do original